000 002410000a22000970004500
100 1 _aCarter, Isabel (Gordon) (1897- )
245 1 0 _aPlanificación de proyectos
300 _aNúm 17 (1994), Páginas 1-3
773 0 _tPaso a paso
942 _cANA
999 _c52189
_d52189